ბათუმის შოთა რუსთაველის სახელმწიფო უნივერსიტეტის ბიბლიოთეკა

ლირიკა: ლირიკული პოემები. (ბიბ.ჩანაწერი № 49840)

000 -LEADER
fixed length control field 00647nam a2200205Ia 4500
001 - CONTROL NUMBER
control field 16775
003 - CONTROL NUMBER IDENTIFIER
control field GE_BSU
008 - FIXED-LENGTH DATA ELEMENTS--GENERAL INFORMATION
fixed length control field 181216s||||||||xx |||||||||||||| ||und||
040 ## - CATALOGING SOURCE
Transcribing agency GE_BSU
080 ## - UNIVERSAL DECIMAL CLASSIFICATION NUMBER
Universal Decimal Classification number 821.353.1-11
100 ## - MAIN ENTRY--PERSONAL NAME
Personal name ვარშანიძე, მამია
245 ## - TITLE STATEMENT
Title ლირიკა: ლირიკული პოემები.
245 ## - TITLE STATEMENT
Statement of responsibility, etc. რედ.ა.ახვლედიანი
260 ## - PUBLICATION, DISTRIBUTION, ETC.
Place of publication, distribution, etc. ბათუმი
260 ## - PUBLICATION, DISTRIBUTION, ETC.
Name of publisher, distributor, etc. საბჭ. აჭარა
260 ## - PUBLICATION, DISTRIBUTION, ETC.
Date of publication, distribution, etc. 1976
300 ## - PHYSICAL DESCRIPTION
Extent 351გვ. ; 20სმ.
653 ## - INDEX TERM--UNCONTROLLED
Uncontrolled term ლირიკა : ლირიკული პოემები
942 ## - ADDED ENTRY ELEMENTS (KOHA)
Koha item type წიგნი
ეგზემპლარები
Withdrawn status Lost status Damaged status Not for loan Date acquired Barcode Date last seen Price effective from Koha item type
        2018-12-17 22151 2018-12-17 2018-12-17 წიგნი
        2018-12-17 22152 2018-12-17 2018-12-17 წიგნი
        2018-12-17 22153 2018-12-17 2018-12-17 წიგნი
        2018-12-17 22154 2018-12-17 2018-12-17 წიგნი
        2018-12-17 22155 2018-12-17 2018-12-17 წიგნი
        2018-12-17 22156 2018-12-17 2018-12-17 წიგნი